Statistics for call of duty zombies nuketown

Click here to take the quiz!

General Stats

  • This quiz has been taken 52 times
  • The average score is 8 of 11

Answer Stats

HintAnswer% Correct
how many mystery boxes locations are there5
97%
how many teddy bears are there3
94%
how many perks are there9
91%
multiplayer mapnuketown
85%
what state is nuketown innevada
82%
what year does nuketown take place2025
73%
what map is also during nuketownmoon
67%
what month does nuketown take placeoctober
67%
teamcia
64%
teamcdc
55%
where do the perks come fromthe sky
48%

Score Distribution

Percentile by Number Answered

Percent of People with Each Score

Your Score History

You have not taken this quiz